Responses for Show #8593 - Wednesday, March 9, 2022

Maureen O'Neil game 3.

Contestants

[<< previous game]

Sallie Bieterman, an actor and museum educator originally from Seattle, Washington

Shelley Vinyard, an environmental advocate from Washington, D.C.

Maureen O'Neil, an executive assistant from Rye Beach, New Hampshire (whose 2-day cash winnings total $21,000)

[next game >>]

Jeopardy! Round responses

IN RECENT NEWS
THE APOLLO PROGRAM
LITERARY CHARACTER SPOILERS
FURNITURE
3-LETTER MOVIE TITLES
"CAT" GOT YOUR TONGUE
    $200 27
Twitter

Maureen
    $200 15
Charlotte

Sallie
    $200 1
rocking chair

Sallie
    $200 12
Rio

Sallie
    $400 26
(Ken: Yes, that's your field.)

the Build Back Better Act

Shelley
    $400 22
Buzz Aldrin

Triple Stumper
    $400 21
Dorian Gray

Shelley
    $400 28
[The end-of-round signal sounds.]

a bassinet

Shelley
    $400 11
Big

Maureen
    $400 14
a catcall

Maureen
    $600 3
Barbados

Maureen
    $600 23
(Sallie: What is Exodus?)
...
(Ken: He read from [*], I believe the creation account.)

Genesis

Sallie
Triple Stumper
    $1,400 16
(Sallie: Ooh. Hmm. Scratch, I'm not sure.)

Jane (Porter)

Sallie
    $600 5
(Sallie: What is a chifferobe?)

an armoire

MaureenSallie
    $600 8
Ted

Sallie
    $600 13
a cat burglar

Maureen
    $800 4
Sweden

Triple Stumper
    $800 24
(Shelley: What is Mercury?)
..
(Ken: Less than a minute to go.)

the Saturn V

Shelley
Triple Stumper
    $800 20
(Maureen: What is Les Misérables?)

Jean Valjean

MaureenSallie
    $800 6
a fainting couch

Sallie
    $800 9
JFK

Maureen
    $800 18
catwalk

Shelley
    $1000 19
(Bob) Dole

Shelley
    $1000 25
Descartes

Triple Stumper
    $1000 2
(Ken: Sorry, for The Great Gatsby spoilers, but it's been long enough.)

Daisy Buchanan

Shelley
    $1000 7
a credenza

Triple Stumper
    $1000 10
Red

Maureen
    $1000 17
a cat's paw

Triple Stumper

Scores at the first commercial break (after clue 15):

Maureen Shelley Sallie
$4,400 $1,000 $1,400

Scores at the end of the Jeopardy! Round:

Maureen Shelley Sallie
$3,800 $3,200 $200

Double Jeopardy! Round responses

SO THAT'S WHAT THEY LOOKED LIKE
FROM THE STATE SONG
3 CONSECUTIVE CONSONANTS
DYNASTIES OF CHINA
NAMES IN POP CULTURE
EPONYMOUS BODY PARTS
    $400 25
Warren

Maureen
    $400 26
[The end-of-round signal sounds.]
(Ken: [To Maureen] And with that response, Dawson's Creek just put you into the lead by a mere $200.)
(Maureen: Thank you, WB.)

Joey

Maureen
    $4,000 5
(Shelley: [Sighs] Who is...)

Grandma Moses

Shelley
    $800 3
(Ken: The Truckee River in [*].)

Nevada

Triple Stumper
    $800 7
a pilgrimage

Sallie
    $800 20
the Bronze Age

Sallie
    $800 19
Morrissey

Sallie
    $800 13
arteries

Shelley
    $1200 18
"The Entertainer"

Shelley
    $1200 1
New Mexico

Maureen
    $1200 8
Kingdom

Shelley
    $1200 21
Confucianism

Triple Stumper
    $1200 10
Puff

Shelley
    $1200 14
small intestines

Shelley
    $1600 24
Hearst

Maureen
    $1600 2
Utah

Maureen
    $1600 9
(Sallie: What is kibbitz?)

to schmooze

Sallie
Triple Stumper
    $500 22
(Ken: Less than a minute to go, Sallie.)

The Art of War

Sallie
    $1600 11
Bosch

Triple Stumper
    $1600 15
speech

Triple Stumper
    $2000 6
(Ken: Of A Beautiful Mind fame, that's [*].)

John Nash

Triple Stumper
    $2000 4
Iowa

Shelley
    $2000 17
(Ken: I saw Maureen counting letters; that's [*].)

stratification

Triple Stumper
    $2000 23
the Han dynasty

Triple Stumper
    $2000 12
(Ken: The gremlin who doesn't go nuts is [*].)

Gizmo

Triple Stumper
    $2000 16
the cochlea

Shelley

Scores at the end of the Double Jeopardy! Round:

Maureen Shelley Sallie
$9,000 $8,800 $1,500

[wagering suggestions for these scores]

Final Jeopardy! Round responses

EPITAPHS
(Maureen: Not a poet.)
(Ken: She was a poet, in fact, in addition to her other accomplishments, and she once joked that her preferred epitaph for herself would be, "Excuse my dust".)
SallieWho is Edna St. Vincent Millay?
$100
ShelleyWho is Plath?
$4,000
MaureenWho Dorothy Parker?
$9,000
Dorothy Parker

Final scores:

Maureen Shelley Sallie
$18,000 $4,800 $1,400
3-day champion: $39,000 2nd place: $2,000 3rd place: $1,000

Game dynamics:

Coryat scores:

Maureen Shelley Sallie
$9,000 $12,800 $4,000
13 R,
1 W
13 R,
2 W
(including 1 DD)
10 R
(including 1 DD),
4 W
(including 1 DD)

Combined Coryat: $25,800

[game clues] [game scores] [suggest correction]

Game tape date: 2022-01-12
The J! Archive is created by fans, for fans. Scraping, republication, monetization, and malicious use prohibited; this site may use cookies and collect identifying information. See terms. The Jeopardy! game show and all elements thereof, including but not limited to copyright and trademark thereto, are the property of Jeopardy Productions, Inc. and are protected under law. This website is not affiliated with, sponsored by, or operated by Jeopardy Productions, Inc. Join the discussion at JBoard.tv.